| 000 | 00908nam a2200205 i 4500 | ||
|---|---|---|---|
| 001 | 162770 | ||
| 003 | ES-MaACL | ||
| 005 | 20230906212611.0 | ||
| 008 | 050627s1842 it af |||| | ita d | ||
| 100 | 1 |
_aQuadri, Antonio. _9131505 |
|
| 245 | 1 | 0 |
_aCompendio della storia Veneta _b: diviso in otto epoche dalla origine di Venezia nell'anno 421, sino alla caduta della Repubblica, nell'anno 1797 / _cdi A. Quadri. |
| 250 |
_a4ª ed. dell'opera e 3ª italiana _bcon aggriunte e note. |
||
| 260 |
_aVenezia : _b[s.n.], _c1842 ( _fTip. armena di S. Lazzaro) |
||
| 300 |
_a477 p., [10] h. de lám. : _bil. ; _c16 cm. |
||
| 594 | _aTit. en antep.: Otto giorni a Venezia / di Antonio Quadri; parte seconda. | ||
| 599 | _aLas h. de lám. constan delante de la port. | ||
| 599 | _aLas h. de grab. calc., trajes de venecianos. | ||
| 651 | 4 |
_aVenecia- _xHistoria. _99515 |
|
| 852 |
_aES-MaACL _jG-9926 _z- Enc. pasta |
||
| 999 |
_c162770 _d162770 |
||